[Event "V Open A"]
[Site "Montebelluna ITA"]
[Date "2007.03.09"]
[Round "1"]
[White "Cocuzzi, Edoardo"]
[Black "Stella, Andrea"]
[Result "0-1"]
[WhiteElo "1820"]
[BlackElo "2084"]
[PlyCount "48"]
[EventDate "2007.03.09"]

1. e4 e6 2. d4 d5 3. exd5 exd5 4. Bd3 Nc6 5. c3 Bd6 6. h3 Nge7 7. Qf3 Be6 8.
Ne2 Qd7 9. O-O Ng6 10. Nf4 Nxf4 11. Bxf4 Bxf4 12. Qxf4 O-O-O 13. b4 g5 14. Qc1
h5 15. Nd2 h4 16. Nb3 g4 17. Nc5 Qd6 18. Qa3 gxh3 19. Ba6 Rdg8 20. Bxb7+ Kd8
21. f4 Rxg2+ 22. Kh1 Bf5 23. Ba8 Qg6 24. Rf3 Rh2+ 0-1

[Event "V Open A"]
[Site "Montebelluna ITA"]
[Date "2007.03.09"]
[Round "1"]
[White "De Filomeno, Simone"]
[Black "Luciani, Valerio"]
[Result "0-1"]
[WhiteElo "1969"]
[BlackElo "2241"]
[PlyCount "100"]
[EventDate "2007.03.09"]

1. e4 d6 2. d4 Nf6 3. Nc3 c6 4. f4 Qa5 5. Bd2 Qb6 6. Nf3 Qxb2 7. Rb1 Qa3 8. Bc4
Qa5 9. O-O Qc7 10. Ng5 e6 11. e5 d5 12. Bd3 Ne4 13. Ncxe4 dxe4 14. Bxe4 g6 15.
Bd3 Be7 16. Bb4 c5 17. Bxc5 Bxc5 18. dxc5 Qxc5+ 19. Kh1 O-O 20. Ne4 Qc7 21.
Nf6+ Kg7 22. Qg4 Nd7 23. Qh4 h6 24. Rf3 Rh8 25. Rh3 Qd8 26. Nh5+ Kh7 27. Nf6+
Kg7 28. Nh5+ Kh7 29. Qg4 Nc5 30. Nf6+ Kg7 31. Rd1 Qe7 32. Bb5 a6 33. Qh4 Qf8
34. Ne8+ Kh7 35. Rd8 axb5 36. Nf6+ Kg7 37. Rxf8 Kxf8 38. Qf2 b6 39. Qd4 Bb7 40.
a3 Kg7 41. Rc3 Rhd8 42. Qg1 Rd2 43. Rg3 Rad8 44. Ne8+ Rxe8 45. h3 Red8 46. Kh2
Rxc2 47. h4 Rdd2 48. Qf1 Bxg2 49. Qe1 Bf3+ 50. Kg1 Rd1 0-1

[Event "V Open A"]
[Site "Montebelluna ITA"]
[Date "2007.03.09"]
[Round "1"]
[White "Dussin, Davide"]
[Black "Mrdja, Milan"]
[Result "0-1"]
[WhiteElo "2011"]
[BlackElo "2397"]
[PlyCount "50"]
[EventDate "2007.03.09"]

1. d4 c5 2. d5 g6 3. c4 Bg7 4. Nc3 Bxc3+ 5. bxc3 f5 6. Nf3 Qa5 7. Qc2 Nf6 8. g3
d6 9. Bg2 Nbd7 10. O-O Nb6 11. Nd2 Bd7 12. Re1 O-O-O 13. Rb1 Rhe8 14. e4 fxe4
15. Bxe4 Nxe4 16. Nxe4 Nxc4 17. Qb3 Qa6 18. Nd2 Nb6 19. c4 Bf5 20. Ra1 e6 21.
Bb2 exd5 22. cxd5 Qd3 23. Qxd3 Bxd3 24. Bf6 Rxe1+ 25. Rxe1 Rd7 0-1

[Event "V Open A"]
[Site "Montebelluna ITA"]
[Date "2007.03.09"]
[Round "1"]
[White "Dvirnyy, Danyyil"]
[Black "Sottroi, Carlo"]
[Result "1-0"]
[WhiteElo "2351"]
[BlackElo "2010"]
[PlyCount "81"]
[EventDate "2007.03.09"]

1. e4 e6 2. d4 d5 3. Nc3 Nf6 4. Bg5 Be7 5. e5 Nfd7 6. h4 a6 7. Bxe7 Qxe7 8. Qg4
f5 9. exf6 Nxf6 10. Qg3 O-O 11. O-O-O Qd6 12. Qg5 b5 13. Bd3 Bd7 14. Nf3 b4 15.
Ne2 Nc6 16. Ng3 h6 17. Qd2 Ng4 18. Rhe1 e5 19. dxe5 Ncxe5 20. Nxe5 Nxe5 21. Bf1
c6 22. Kb1 Ng4 23. Ne4 Qg6 24. f3 dxe4 25. Qxd7 Ne5 26. Qc7 Rae8 27. Rxe4 Qf6
28. Rde1 Re7 29. Qa5 Ng6 30. Rxe7 Nxe7 31. Qxb4 Rd8 32. a4 Nd5 33. Bc4 Kh8 34.
Bxd5 cxd5 35. Qe7 Qb6 36. g4 Rb8 37. b3 d4 38. Qd7 Rb7 39. Re8+ Kh7 40. Qf5+ g6
41. Qf8 1-0

[Event "V Open A"]
[Site "Montebelluna ITA"]
[Date "2007.03.09"]
[Round "1"]
[White "Efimov, Igor"]
[Black "Boscolo, Marco"]
[Result "1-0"]
[WhiteElo "2416"]
[BlackElo "2033"]
[PlyCount "51"]
[EventDate "2007.03.09"]

1. d4 e6 2. c4 Nf6 3. Nc3 Bb4 4. Nf3 b6 5. Bg5 Bb7 6. Nd2 h6 7. Bh4 Bxc3 8.
bxc3 Qe7 9. f3 d6 10. e4 Nbd7 11. Bd3 c5 12. O-O e5 13. a4 O-O 14. a5 cxd4 15.
cxd4 exd4 16. Nb3 Ne5 17. Nxd4 Ba6 18. axb6 axb6 19. Ra4 Rfc8 20. Nf5 Qe6 21.
Bxf6 Qxf6 22. Be2 Nxc4 23. Qa1 Qxa1 24. Rfxa1 Na5 25. Bxa6 Rxa6 26. Ne7+ 1-0

[Event "V Open A"]
[Site "Montebelluna ITA"]
[Date "2007.03.09"]
[Round "1"]
[White "Fontana, Enrico"]
[Black "Roberti, Ignazio"]
[Result "0-1"]
[WhiteElo "2122"]
[BlackElo "1933"]
[PlyCount "84"]
[EventDate "2007.03.09"]

1. d4 Nf6 2. Nc3 d5 3. Bg5 Bf5 4. f3 h6 5. Bxf6 exf6 6. e4 Be6 7. Nge2 c6 8.
Nf4 Bd6 9. Qd2 Qc7 10. Nxe6 fxe6 11. g3 Nd7 12. Bh3 Nf8 13. O-O-O h5 14. Qe2
Qe7 15. Rde1 Kf7 16. Qd3 Qc7 17. f4 b5 18. f5 b4 19. fxe6+ Ke7 20. Nd1 h4 21.
gxh4 Rxh4 22. Kb1 Bf4 23. Rhf1 a5 24. Ne3 Bxe3 25. Rxe3 dxe4 26. Rxe4 Rxe4 27.
Qxe4 Rd8 28. Qg4 Ke8 29. Qh5+ g6 30. Qh4 Qe7 31. Qe4 Rd6 32. Qf4 f5 33. Re1
Rxe6 34. Rxe6 Qxe6 35. a4 Nd7 36. Bg2 Ke7 37. Qc7 Qd6 38. Qxa5 Qxd4 39. Bxc6
Ne5 40. Qc7+ Kf6 41. a5 Nc4 42. c3 Qd1+ 0-1

[Event "V Open A"]
[Site "Montebelluna ITA"]
[Date "2007.03.09"]
[Round "1"]
[White "Gallo, Enrico"]
[Black "Chiarion, Elisa"]
[Result "1-0"]
[WhiteElo "2046"]
[BlackElo "1712"]
[PlyCount "83"]
[EventDate "2007.03.09"]

1. e4 c5 2. Nf3 d6 3. d4 cxd4 4. Nxd4 Nf6 5. Nc3 g6 6. Be2 Bg7 7. Be3 O-O 8.
O-O Nc6 9. Qd2 Bd7 10. Rad1 Rc8 11. f3 a6 12. Nb3 Re8 13. Na4 Be6 14. Nb6 Rb8
15. c4 Ne5 16. Na5 Nfd7 17. Nd5 Nc6 18. Nb3 b6 19. Nf4 Nc5 20. Nd4 Bd7 21. b4
Ne6 22. Nxc6 Bxc6 23. Nd5 b5 24. c5 dxc5 25. bxc5 a5 26. Qe1 Bxd5 27. exd5 Nf8
28. Bf4 Rb7 29. c6 Ra7 30. Be3 Ra8 31. Bxb5 Qc7 32. Qf2 Reb8 33. a4 h5 34. Rfe1
Be5 35. f4 Bd6 36. Rf1 f6 37. Qh4 f5 38. Qg5 Kh7 39. Bd4 Re8 40. Kh1 e6 41. Qf6
exd5 42. Qh8# 1-0

[Event "V Open A"]
[Site "Montebelluna ITA"]
[Date "2007.03.09"]
[Round "1"]
[White "Garofalo, Sergio"]
[Black "Baldelli, Alex"]
[Result "0-1"]
[WhiteElo "1811"]
[BlackElo "2049"]
[PlyCount "94"]
[EventDate "2007.03.09"]

1. Nf3 d5 2. d4 Nf6 3. Nbd2 c5 4. e3 Nc6 5. b3 Bg4 6. h3 Bh5 7. Bb2 cxd4 8.
exd4 e6 9. a3 Be7 10. Bd3 O-O 11. g4 Bg6 12. Bxg6 hxg6 13. Qe2 Rc8 14. Rg1 Re8
15. Ne5 Qb6 16. Qd3 Nxe5 17. dxe5 Bc5 18. Rg2 Nd7 19. b4 Be7 20. Bd4 Qc7 21. f4
Qxc2 22. Qxc2 Rxc2 23. Re2 b6 24. Kd1 Rec8 25. Nb3 Rxe2 26. Kxe2 f6 27. Rc1
Rxc1 28. Nxc1 g5 29. exf6 Bxf6 30. Bxf6 gxf6 31. Nd3 Kf7 32. Ke3 Ke7 33. fxg5
fxg5 34. Ne1 Kf6 35. a4 a5 36. bxa5 bxa5 37. Kd4 Nb6 38. Kc5 Nxa4+ 39. Kb5 Nc3+
40. Kxa5 Ne4 41. Nd3 Nd6 42. Kb4 e5 43. Nb2 e4 44. Kc3 Ke5 45. Nd1 d4+ 46. Kd2
Kf4 47. Ke1 e3 0-1

[Event "V Open A"]
[Site "Montebelluna ITA"]
[Date "2007.03.09"]
[Round "1"]
[White "Genocchio, Daniele"]
[Black "Zanatta, Federico"]
[Result "1-0"]
[WhiteElo "2324"]
[BlackElo "2006"]
[PlyCount "95"]
[EventDate "2007.03.09"]

1. e4 b6 2. Bc4 e5 3. Nf3 Nc6 4. Bb5 a6 5. Ba4 b5 6. Bb3 Be7 7. O-O Nf6 8. Re1
O-O 9. h3 d6 10. c3 Na5 11. Bc2 c5 12. d4 Nd7 13. Nbd2 Bf6 14. Nf1 g6 15. Bh6
Re8 16. Ne3 Nb6 17. Ng4 Bxg4 18. hxg4 cxd4 19. cxd4 Rc8 20. d5 Re7 21. b3 Rec7
22. Re2 Nb7 23. Be3 Nd7 24. Rc1 b4 25. g3 Nbc5 26. Kg2 Bg7 27. Ne1 Nf6 28. f3
a5 29. Bb1 h5 30. gxh5 Nxh5 31. Rec2 Nd7 32. Rxc7 Rxc7 33. Bd3 Qc8 34. Rxc7
Qxc7 35. Bb5 Bf6 36. Nd3 Bd8 37. Nb2 Qc3 38. Nc4 Nhf6 39. Bd2 Qd4 40. Qc2 Bc7
41. Be3 Qa1 42. g4 Nf8 43. Nxe5 Qxe5 44. Qxc7 Nxg4 45. fxg4 Qxe4+ 46. Kf2 Qxg4
47. Qxd6 Qf5+ 48. Kg3 1-0

[Event "V Open A"]
[Site "Montebelluna ITA"]
[Date "2007.03.09"]
[Round "1"]
[White "Omeri, Silvan"]
[Black "Marson, Antonio"]
[Result "1-0"]
[WhiteElo "2087"]
[BlackElo "1852"]
[PlyCount "45"]
[EventDate "2007.03.09"]

1. e4 g6 2. d4 d6 3. Be3 a6 4. c4 e6 5. Nc3 Ne7 6. Bd3 Bg7 7. Nge2 Nd7 8. Qd2
h6 9. b4 b6 10. O-O Bb7 11. Rab1 Rc8 12. a4 Rb8 13. f4 f5 14. exf5 gxf5 15. Ng3
Nf6 16. d5 Ng4 17. Nh5 Rg8 18. Nxg7+ Rxg7 19. h3 Nxe3 20. Qxe3 Qd7 21. Rbe1 Kf8
22. Qxe6 Qxe6 23. Rxe6 1-0

[Event "V Open A"]
[Site "Montebelluna ITA"]
[Date "2007.03.09"]
[Round "1"]
[White "Pomaro, Alberto"]
[Black "Pelosin, Matteo"]
[Result "1/2-1/2"]
[WhiteElo "2054"]
[BlackElo "1860"]
[PlyCount "102"]
[EventDate "2007.03.09"]

1. d4 e6 2. c4 Nf6 3. Nf3 d5 4. Bg5 Be7 5. Nc3 Nbd7 6. cxd5 exd5 7. e3 c6 8.
Bd3 O-O 9. O-O Re8 10. Qc2 Nf8 11. Rab1 g6 12. b4 Ne6 13. Bh4 Ng7 14. b5 Bf5
15. bxc6 bxc6 16. Rfc1 Bxd3 17. Qxd3 Nf5 18. Bg3 Nxg3 19. hxg3 Nd7 20. Rc2 Nb6
21. Ne5 c5 22. dxc5 Bxc5 23. Nf3 Rc8 24. Rd1 Bb4 25. Nxd5 Rxc2 26. Qxc2 Nxd5
27. e4 Qc7 28. Qa4 Rxe4 29. Rxd5 Qc1+ 30. Kh2 Qa3 31. Qxa3 Bxa3 32. Ra5 Be7 33.
a4 Re2 34. Rxa7 Bc5 35. Ra8+ Kg7 36. Ng1 Rxf2 37. Rc8 Rc2 38. Kh3 h5 39. Ne2
Rxe2 40. Rxc5 Ra2 41. Ra5 f6 42. Ra7+ Kh6 43. a5 Kg5 44. a6 Kf5 45. Ra8 Kg5 46.
Kh2 Kg4 47. a7 Ra1 48. Rg8 Rxa7 49. Rxg6+ Kf5 50. Rg8 Ra4 51. Kh3 Rb4 1/2-1/2

[Event "V Open A"]
[Site "Montebelluna ITA"]
[Date "2007.03.09"]
[Round "1"]
[White "Ragonesi, Marcello"]
[Black "Weinberg, Emanuele"]
[Result "1/2-1/2"]
[WhiteElo "2161"]
[BlackElo "1965"]
[PlyCount "40"]
[EventDate "2007.03.09"]

1. Nf3 c5 2. g3 b6 3. Bg2 Bb7 4. O-O Nf6 5. c4 g6 6. b3 Bg7 7. Bb2 O-O 8. Nc3
e6 9. d4 cxd4 10. Qxd4 d5 11. Rfd1 Nc6 12. Qe3 Ne7 13. cxd5 Nexd5 14. Nxd5 Nxd5
15. Bxg7 Kxg7 16. Qd4+ Qf6 17. Rd2 Rac8 18. Ne5 Rc7 19. Re1 Rfc8 20. Bf3 Kg8
1/2-1/2

[Event "V Open A"]
[Site "Montebelluna ITA"]
[Date "2007.03.09"]
[Round "1"]
[White "Torelli, Mirco"]
[Black "Rombaldoni, Denis"]
[Result "0-1"]
[WhiteElo "2008"]
[BlackElo "2349"]
[PlyCount "188"]
[EventDate "2007.03.09"]

1. d4 Nf6 2. c4 e6 3. Nf3 b6 4. g3 Ba6 5. Qb3 Nc6 6. Nbd2 Bb7 7. e4 a5 8. d5
Nb4 9. a3 Na6 10. Bd3 exd5 11. exd5 Nc5 12. Qc2 c6 13. dxc6 dxc6 14. Be2 Be7
15. O-O O-O 16. b3 Ne6 17. Bb2 c5 18. Rad1 Qc7 19. Rfe1 Rfd8 20. Bf1 Nd4 21.
Qc3 Ng4 22. Bg2 Bf6 23. Qc1 a4 24. h3 Bxf3 25. Bxf3 Ne5 26. Bxd4 Nxf3+ 27. Nxf3
cxd4 28. bxa4 h6 29. Qc2 Qd7 30. Rd3 Qxh3 31. Re4 Ra5 32. Qe2 Qd7 33. Nxd4 Rxa4
34. Qc2 Ra5 35. Rd2 Rxa3 36. Nb5 Ra1+ 37. Kh2 Qc8 38. Rxd8+ Qxd8 39. Nd6 Be7
40. Nf5 Bf6 41. Nd6 Qxd6 42. Re8+ Qf8 43. Rxf8+ Kxf8 44. Qd2 Kg8 45. Qd6 Rc1
46. Qxb6 Rxc4 47. Qb8+ Kh7 48. Qa7 Kg8 49. Qb8+ Kh7 50. Qa7 Kg6 51. Qe3 Rd4 52.
f4 h5 53. Kh3 Kf5 54. Qe2 Kg6 55. Qe3 Kh7 56. Qe8 Kg6 57. Qe3 Rd7 58. Qe4+ Kh6
59. Qe8 Re7 60. Qf8 Kg6 61. Qc8 Kh6 62. Qh8+ Kg6 63. Qc8 Kh7 64. Qf5+ Kh6 65.
Qc8 g6 66. Qg8 Bg7 67. Qd8 Ra7 68. Qd6 Kh7 69. Qd5 Kg8 70. Qd6 Bf8 71. Qb8 Re7
72. Qd8 Re6 73. Qc8 Kg7 74. Qc3+ Kg8 75. Qc8 Rf6 76. Qd8 Rf5 77. Qd2 Be7 78.
Qd7 Bf6 79. Qd3 Bg7 80. Qe4 Rc5 81. Qe2 Rc3 82. Kh2 Rb3 83. Qd1 Rc3 84. Qe2 Ra3
85. Qd1 h4 86. g4 g5 87. fxg5 Be5+ 88. Kg2 h3+ 89. Kf2 h2 90. Qe2 Ra2 91. Qxa2
h1=Q 92. Qc4 Qh4+ 93. Kf3 Qxg5 94. Qe4 Qf6+ 0-1

[Event "V Open A"]
[Site "Montebelluna ITA"]
[Date "2007.03.09"]
[Round "1"]
[White "Vianello, Enrico"]
[Black "Giacomelli, Gianni"]
[Result "1-0"]
[WhiteElo "2150"]
[BlackElo "1936"]
[PlyCount "73"]
[EventDate "2007.03.09"]

1. d4 Nf6 2. Bg5 c5 3. dxc5 Ne4 4. Be3 e6 5. b4 a5 6. Qd4 f5 7. f3 Nc6 8. Qb2
Qh4+ 9. g3 Nxg3 10. hxg3 Qxh1 11. b5 Ne7 12. Nh3 Nd5 13. Bg1 Be7 14. c4 Bf6 15.
Qd2 f4 16. gxf4 O-O 17. cxd5 Bh4+ 18. Bf2 Bxf2+ 19. Nxf2 Qh4 20. e3 e5 21. Nc3
d6 22. cxd6 exf4 23. e4 Qf6 24. O-O-O Qxd6 25. Nd3 g5 26. Nb2 Bd7 27. Kb1 h5
28. Qd4 g4 29. e5 Bf5+ 30. Bd3 Qb4 31. Bxf5 Rxf5 32. e6 Rc8 33. Qxb4 axb4 34.
Ne4 Re5 35. Nd3 Rxe4 36. fxe4 f3 37. d6 1-0

[Event "V Open A"]
[Site "Montebelluna ITA"]
[Date "2007.03.10"]
[Round "2"]
[White "Baldelli, Alex"]
[Black "Bonafede, Alessandro"]
[Result "1-0"]
[WhiteElo "2049"]
[BlackElo "2230"]
[PlyCount "85"]
[EventDate "2007.03.09"]

1. d4 Nf6 2. c4 g6 3. Nc3 Bg7 4. Nf3 d6 5. Bg5 h6 6. Bh4 g5 7. Bg3 Nh5 8. e3 c5
9. Be2 Nxg3 10. hxg3 Nd7 11. Qc2 e6 12. Rd1 Qe7 13. dxc5 dxc5 14. Ne4 g4 15.
Nh4 O-O 16. Bxg4 f5 17. Ng6 Qd8 18. Nxf8 Qxf8 19. Bh3 Ne5 20. Nd6 Qe7 21. e4
Bd7 22. exf5 Nc6 23. f6 Bxf6 24. O-O Bg7 25. Nxb7 Nd4 26. Qd3 Rb8 27. Na5 Rxb2
28. Rd2 Rb8 29. Rb1 Rxb1+ 30. Qxb1 Qd6 31. Nb3 Qe5 32. Qd3 Kf7 33. Bg4 Kg8 34.
Nxd4 cxd4 35. Re2 Qd6 36. Qe4 Kh8 37. Re1 e5 38. Bxd7 Qxd7 39. f4 d3 40. fxe5
d2 41. Rd1 Qe6 42. Rxd2 Bxe5 43. Rd5 1-0

[Event "V Open A"]
[Site "Montebelluna ITA"]
[Date "2007.03.10"]
[Round "2"]
[White "Boscolo, Marco"]
[Black "Castellano, Alfonso"]
[Result "1-0"]
[WhiteElo "2033"]
[BlackElo "1949"]
[PlyCount "105"]
[EventDate "2007.03.09"]

1. d4 Nf6 2. c4 g6 3. Nc3 Bg7 4. e4 d6 5. f3 O-O 6. Be3 e5 7. d5 a5 8. Qd2 Na6
9. Nge2 Ne8 10. O-O-O f5 11. Bg5 Bf6 12. Bxf6 Nxf6 13. exf5 gxf5 14. Ng3 Nc5
15. Bd3 f4 16. Nge4 Nxd3+ 17. Qxd3 Bf5 18. Rhe1 Nd7 19. Qd2 Nb6 20. Qe2 Qe7 21.
c5 Nd7 22. Qc4 Rfc8 23. g4 Bg6 24. g5 Bf7 25. h4 dxc5 26. h5 Nb6 27. Qb5 Kg7
28. d6 Qe6 29. d7 Rd8 30. Nxc5 Qf5 31. Nxb7 Rxd7 32. Rxd7 Nxd7 33. Qc6 Qe6 34.
h6+ Kg8 35. Qxe6 Bxe6 36. Ne4 Bxa2 37. Rd1 Be6 38. Rxd7 Bxd7 39. Nf6+ Kf7 40.
Nxd7 Ke6 41. Nbc5+ Kd6 42. Kd2 Kd5 43. Ne4 Rd8 44. Ndf6+ Kc4+ 45. Kc2 Rh8 46.
Nf2 Kd4 47. N2g4 c5 48. g6 hxg6 49. h7 e4 50. fxe4 f3 51. Kd2 Rb8 52. Ng8 Rxb2+
53. Ke1 1-0

[Event "V Open A"]
[Site "Montebelluna ITA"]
[Date "2007.03.10"]
[Round "2"]
[White "Brun, Dario"]
[Black "Efimov, Igor"]
[Result "0-1"]
[WhiteElo "2128"]
[BlackElo "2416"]
[PlyCount "138"]
[EventDate "2007.03.09"]

1. d4 Nf6 2. c4 e6 3. Nc3 d5 4. Bg5 Nbd7 5. e3 h6 6. Bh4 Be7 7. Nf3 O-O 8. Rc1
c6 9. Qc2 a6 10. a3 Re8 11. Bd3 dxc4 12. Bxc4 c5 13. O-O b5 14. Ba2 Bb7 15.
dxc5 Bxc5 16. Rfd1 Qb6 17. Bb1 Nf8 18. Bxf6 gxf6 19. Ne4 Be7 20. Qc7 Qxc7 21.
Rxc7 Bd5 22. Nd4 f5 23. Nc3 Bc4 24. b3 Rac8 25. Rxc8 Rxc8 26. bxc4 Rxc4 27. Rc1
Bxa3 28. Rc2 Be7 29. Na2 Ra4 30. Kf1 Bf6 31. Nb3 Ra3 32. Nd4 b4 33. Rb2 Bxd4
34. exd4 a5 35. Ke2 Ng6 36. g3 Ne7 37. Bd3 Nd5 38. Kd2 Kf8 39. Nc1 Nc3 40. Bc2
Ke7 41. Ne2 Nd5 42. Nc1 a4 43. Nd3 b3 44. Bb1 Ra1 45. Nc5 Kd6 46. Bd3 Ra2 47.
Kc1 Ra1+ 48. Rb1 Ra2 49. Rb2 Ra1+ 50. Rb1 Ra2 51. Rb2 Ra3 52. Bb5 Nc3 53. Be8
Ke7 54. Kd2 Ne4+ 55. Nxe4 fxe4 56. Bb5 Ra1 57. Kc3 a3 58. Rxb3 Rc1+ 59. Kd2 a2
60. Ra3 a1=Q 61. Rxa1 Rxa1 62. Bc6 f5 63. Ke3 Ra3+ 64. Ke2 Rd3 65. g4 Rxd4 66.
gxf5 exf5 67. f3 Kd6 68. Be8 Ke5 69. fxe4 fxe4 0-1

[Event "V Open A"]
[Site "Montebelluna ITA"]
[Date "2007.03.10"]
[Round "2"]
[White "Chiarion, Elisa"]
[Black "De Filomeno, Simone"]
[Result "0-1"]
[WhiteElo "1712"]
[BlackElo "1969"]
[PlyCount "58"]
[EventDate "2007.03.09"]

1. e4 c5 2. Nf3 Nc6 3. d4 cxd4 4. Nxd4 Nf6 5. Nc3 g6 6. Nxc6 bxc6 7. e5 Ng8 8.
Bc4 Bg7 9. Qe2 f5 10. Bf4 e6 11. h4 Nh6 12. O-O-O Qa5 13. h5 Nf7 14. Rde1 Rb8
15. a3 g5 16. Bh2 f4 17. g3 f3 18. Qxf3 Nxe5 19. Qe2 g4 20. Bb3 O-O 21. Qe3 Ba6
22. h6 Rf3 23. Qd2 Bf6 24. Ne4 Qxd2+ 25. Kxd2 Be7 26. Bg1 Rfxb3 27. cxb3 Nf3+
28. Kd1 Nxe1 29. Kxe1 Rxb3 0-1

[Event "V Open A"]
[Site "Montebelluna ITA"]
[Date "2007.03.10"]
[Round "2"]
[White "Gagliardi, Christian"]
[Black "Dvirnyy, Danyyil"]
[Result "0-1"]
[WhiteElo "2112"]
[BlackElo "2351"]
[PlyCount "116"]
[EventDate "2007.03.09"]

1. d4 Nf6 2. c4 e6 3. Nc3 c5 4. Nf3 cxd4 5. Nxd4 a6 6. a3 Qc7 7. e4 Nc6 8. Nxc6
bxc6 9. g3 Be7 10. Bg2 O-O 11. O-O e5 12. Be3 Rb8 13. Rb1 Rd8 14. h3 d6 15. Na4
Be6 16. Qc2 a5 17. Kh2 Rb7 18. Rfc1 Rdb8 19. b3 Nd7 20. Qc3 f5 21. Qc2 g6 22.
f3 Nf6 23. Bd2 Bd8 24. Qd3 Be7 25. Qc2 Bf8 26. Qc3 Nd7 27. Bf1 Nf6 28. Bg2 Bg7
29. Qd3 Ne8 30. Rc3 fxe4 31. fxe4 c5 32. Nb2 Qd7 33. a4 Nc7 34. Nd1 Na6 35.
Rcc1 Nb4 36. Qe2 Nc6 37. Qd3 Nd4 38. Rc3 Qf7 39. Ne3 Bh6 40. Nf1 Qg7 41. Be3
Bxe3 42. Qxe3 Bd7 43. Nd2 Bxa4 44. Ra1 Bxb3 45. Rxa5 Qc7 46. Ra6 Rb6 47. Rxb6
Qxb6 48. Nxb3 Nxb3 49. Qg5 Nd4 50. Qe7 Qd8 51. Qa7 Ra8 52. Qb7 Ra2 53. h4 Qf6
54. Qb1 Qf2 55. Qh1 Qd2 56. Rc1 Ra3 57. Rb1 Qf2 58. Qe1 Nf3+ 0-1

[Event "V Open A"]
[Site "Montebelluna ITA"]
[Date "2007.03.10"]
[Round "2"]
[White "Giacomelli, Gianni"]
[Black "Dussin, Davide"]
[Result "1-0"]
[WhiteElo "1936"]
[BlackElo "2011"]
[PlyCount "59"]
[EventDate "2007.03.09"]

1. d4 Nf6 2. Nf3 g6 3. c4 Bg7 4. Nc3 d6 5. e4 O-O 6. h3 c5 7. Be3 cxd4 8. Nxd4
Qa5 9. Qc2 Nc6 10. Rd1 Bd7 11. Be2 Rac8 12. Nb3 Qd8 13. O-O Be6 14. Nc5 Qc7 15.
Nxe6 fxe6 16. c5 Nb4 17. Qb3 dxc5 18. Qxe6+ Kh8 19. e5 Ng8 20. f4 Rfd8 21. Ne4
b6 22. Ng5 Nh6 23. Bf3 Nc2 24. Bf2 Nd4 25. Bxd4 Rxd4 26. Be4 Rcd8 27. Rxd4 cxd4
28. Bxg6 hxg6 29. Qxg6 Kg8 30. Ne6 1-0

[Event "V Open A"]
[Site "Montebelluna ITA"]
[Date "2007.03.10"]
[Round "2"]
[White "Lavric, Mihail"]
[Black "Broli, Carlo"]
[Result "1-0"]
[WhiteElo "2020"]
[BlackElo "1935"]
[PlyCount "85"]
[EventDate "2007.03.09"]

1. d4 g6 2. c4 c5 3. d5 e6 4. Nc3 exd5 5. cxd5 d6 6. e4 Bg7 7. Bd3 Nf6 8. Nf3
O-O 9. h3 a6 10. a4 Re8 11. O-O Qc7 12. Re1 Nbd7 13. Bf4 c4 14. Bf1 Nh5 15. Bh2
Ne5 16. Nxe5 Bxe5 17. Bxe5 Rxe5 18. Qe2 f5 19. Qxc4 Qe7 20. Qd4 Bd7 21. Qd2
fxe4 22. Re2 Nf6 23. Rae1 Re8 24. Qd4 h6 25. Re3 Kh7 26. Bc4 Bf5 27. Ba2 g5 28.
Bb1 Bg6 29. Bc2 h5 30. b3 Kh6 31. b4 Kh7 32. Bb3 g4 33. Bd1 gxh3 34. Rxh3 Kg7
35. Rhe3 Ng4 36. Bxg4 hxg4 37. Nxe4 Bxe4 38. Rxe4 Kh6 39. Rxe5 dxe5 40. Qxg4
Qd6 41. Re3 Qg6 42. Rh3+ Kg7 43. Qd7+ 1-0

[Event "V Open A"]
[Site "Montebelluna ITA"]
[Date "2007.03.10"]
[Round "2"]
[White "Luciani, Valerio"]
[Black "Chierici, Marianna"]
[Result "1-0"]
[WhiteElo "2241"]
[BlackElo "1946"]
[PlyCount "117"]
[EventDate "2007.03.09"]

1. d4 d6 2. c4 e5 3. Nf3 Nd7 4. Nc3 Ngf6 5. e4 Be7 6. Be2 O-O 7. O-O Re8 8. Re1
c6 9. Rb1 Bf8 10. Bf1 Qc7 11. b4 b6 12. a4 Bb7 13. d5 cxd5 14. Nxd5 Nxd5 15.
cxd5 Rec8 16. Be3 h6 17. Nd2 Qd8 18. Qb3 Rc7 19. Rbc1 Rac8 20. Qb2 Be7 21. Nc4
f5 22. f3 Nf6 23. a5 b5 24. Nd2 Rxc1 25. Rxc1 a6 26. Be2 Nd7 27. Rc3 f4 28. Bf2
Kf7 29. Qc2 Ke8 30. Nb1 Rxc3 31. Qxc3 Qc8 32. Qxc8+ Bxc8 33. Nc3 Kd8 34. Bf1
Bb7 35. Ne2 Kc7 36. g3 g5 37. Bh3 Nf6 38. gxf4 exf4 39. Bb6+ Kb8 40. Nd4 Bf8
41. Be6 Bg7 42. Nf5 Bf8 43. Bd4 Ne8 44. Kg2 g4 45. fxg4 Nc7 46. Kf3 Bc8 47.
Bxc8 Kxc8 48. h4 Kd7 49. g5 hxg5 50. hxg5 Ke8 51. g6 Kd7 52. g7 Bxg7 53. Nxg7
Kc8 54. Kxf4 Kb7 55. Kf5 Kc8 56. Kf6 Kd7 57. Kf7 Kc8 58. Ke7 Kb7 59. Kxd6 1-0

[Event "V Open A"]
[Site "Montebelluna ITA"]
[Date "2007.03.10"]
[Round "2"]
[White "Marson, Antonio"]
[Black "Torelli, Mirco"]
[Result "0-1"]
[WhiteElo "1852"]
[BlackElo "2008"]
[PlyCount "58"]
[EventDate "2007.03.09"]

1. d4 Nf6 2. Bf4 d5 3. e3 e6 4. c3 c5 5. Nd2 Nc6 6. Ngf3 Bd6 7. Ne5 O-O 8. Nxc6
bxc6 9. Bg3 Re8 10. Nf3 cxd4 11. Bxd6 Qxd6 12. exd4 Rb8 13. Qc2 c5 14. dxc5
Qxc5 15. Be2 e5 16. O-O Bg4 17. Ne1 Bxe2 18. Qxe2 d4 19. cxd4 exd4 20. Qf3 Ne4
21. Nd3 Qa5 22. Rfe1 f5 23. b4 Qd5 24. Rec1 Rec8 25. a3 Rc3 26. Rxc3 dxc3 27.
Nc5 c2 28. h3 Rd8 29. Kh2 Qe5+ 0-1

[Event "V Open A"]
[Site "Montebelluna ITA"]
[Date "2007.03.10"]
[Round "2"]
[White "Mrdja, Milan"]
[Black "Omeri, Silvan"]
[Result "1/2-1/2"]
[WhiteElo "2397"]
[BlackElo "2087"]
[PlyCount "114"]
[EventDate "2007.03.09"]

1. e4 c5 2. Nf3 d6 3. d4 cxd4 4. Nxd4 Nf6 5. f3 Nc6 6. Nc3 a6 7. Be3 g6 8. Qd2
Nxd4 9. Bxd4 Bg7 10. Nd5 O-O 11. Nxf6+ exf6 12. Bc4 Be6 13. Bxe6 fxe6 14. O-O-O
Qc7 15. Qb4 Rac8 16. Qb3 Qc4 17. Rd3 Rc6 18. Rhd1 Qxb3 19. axb3 Rd8 20. Kb1 f5
21. Bxg7 Kxg7 22. e5 d5 23. c4 g5 24. cxd5 exd5 25. Rxd5 Rxd5 26. Rxd5 Kg6 27.
g3 f4 28. g4 h6 29. Rd7 b6 30. Re7 a5 31. Rd7 Rc5 32. Rd6+ Kg7 33. Rxb6 Rxe5
34. Rc6 Re3 35. Rc3 Re2 36. h3 Rh2 37. Ka2 Rxh3 38. Ka3 h5 39. gxh5 g4 40. Rc7+
Kf6 41. fxg4 Rh4 42. Rc6+ Ke5 43. g5 Rxh5 44. g6 Ke4 45. Rf6 Rg5 46. b4 Rg3+
47. Ka4 axb4 48. Kxb4 Ke5 49. Rf8 Rxg6 50. Kc4 Ke4 51. b4 Rc6+ 52. Kb5 Rc1 53.
Ka6 f3 54. b5 Ra1+ 55. Kb7 Ke3 56. Re8+ Kd2 57. Rf8 Ke2 1/2-1/2

[Event "V Open A"]
[Site "Montebelluna ITA"]
[Date "2007.03.10"]
[Round "2"]
[White "Pelosin, Matteo"]
[Black "Ragonesi, Marcello"]
[Result "0-1"]
[WhiteElo "1860"]
[BlackElo "2161"]
[PlyCount "100"]
[EventDate "2007.03.09"]

1. e4 c5 2. c3 Nf6 3. e5 Nd5 4. Nf3 d6 5. d4 cxd4 6. Bc4 Nb6 7. Bb3 d5 8. cxd4
Bg4 9. Nc3 e6 10. O-O Be7 11. Be3 Nc6 12. Qe2 O-O 13. h3 Bh5 14. g4 Bg6 15. Ne1
f5 16. exf6 Bxf6 17. Rd1 Na5 18. Bc2 Bxc2 19. Nxc2 Nbc4 20. Bc1 Re8 21. f4 Qd7
22. b3 Nd6 23. Ne1 Rac8 24. Bb2 g5 25. fxg5 Bxg5 26. Nf3 Bf6 27. Rfe1 Nc6 28.
Qh2 Nf7 29. Re3 Ng5 30. Nxg5 Bxg5 31. Re2 Rf8 32. Ree1 Rf3 33. Bc1 Bxc1 34.
Rxc1 Nxd4 35. Ne2 Nc6 36. Rf1 Rcf8 37. Rxf3 Rxf3 38. Rf1 Qf7 39. Rxf3 Qxf3 40.
Ng3 d4 41. Nh5 Qd1+ 42. Kf2 Qc2+ 43. Kg3 d3 44. Qg1 d2 45. Qe3 Kf7 46. Qf4+ Ke8
47. Ng7+ Kd7 48. Qf7+ Kd6 49. Qxe6+ Kc5 50. Qe3+ Kb4 0-1